گلستان ہند / (Record no. 194276)

MARC details
000 -LEADER
fixed length control field 00655nam a22001937a 4500
005 - DATE AND TIME OF LATEST TRANSACTION
control field 20221213144803.0
010 ## - LCCN (DPL NO)
LC control number UR-11794
020 ## - INTERNATIONAL STANDARD BOOK NUMBER
International Standard Book Number 9789393785848
Terms of availability 500.00
035 ## - SYSTEM CONTROL NUMBER
System control number U-10349
037 ## - SOURCE OF ACQUISITION
Source of stock number/acquisition DBAD/PUB
Stock number -
082 ## - DEWEY DECIMAL CLASSIFICATION NUMBER
Classification number 840.8
245 ## - TITLE STATEMENT
Title گلستان ہند /
Statement of responsibility, etc مدید - ناظم الد ین منور
Medium ا ر د و
246 ## - VARYING FORM OF TITLE
Title proper/short title Gulistan-E-Hind /
Remainder of title ed. by Nazimuddin Munawwar
260 ## - PUBLICATION, DISTRIBUTION, ETC. (IMPRINT)
Place of publication, distribution, etc New Delhi
Name of publisher, distributor, etc Educational Publishing House
Date of publication, distribution, etc 2022 ء
270 ## - ADDRESS
Address H.o. D1/16, Ansari Road, Darya Ganj
City New Delhi
Postal code 110002
300 ## - PHYSICAL DESCRIPTION
Extent 250 ص
Dimensions 23cm(Hb)
700 ## - ADDED ENTRY--PERSONAL NAME
Personal name ناظم الد ین منور
942 ## - ADDED ENTRY ELEMENTS (KOHA)
Source of classification or shelving scheme Dewey Decimal Classification
Item type Urdu Bks
Call number suffix ن ا ظ
Classification part 840.8
Holdings
Withdrawn status Lost status Not for loan Collection code Home library Current library Date acquired Source of acquisition Cost, normal purchase price Full call number Barcode Copy number Cost, replacement price Koha item type
      Non-fiction Central Library Central Library 13/12/2022 DBAD/PUB 500.00 840.8 ن ا ظ U-10349 1 500.00 Urdu Bks

© Delhi Public Library
Hit Counter
free hit counter